| 000 | 00873nam a22002657a 4500 | ||
|---|---|---|---|
| 001 | 4260 | ||
| 003 | FISKH | ||
| 005 | 20250808143140.0 | ||
| 008 | 240710b cb ||||| |||| 00| 0 eng d | ||
| 020 | _a9780545295031 | ||
| 040 |
_aFISKH _beng _cFISKH _dFISKH |
||
| 050 | _aPZ7.K678323 | ||
| 082 | _a511 | ||
| 100 | _aKlein, Abby | ||
| 245 |
_aSave the earth! / _cby Abby Klein ; illustrated by John Mckinley |
||
| 260 |
_aNew York : _bScholastic, _c2012 |
||
| 300 |
_a93 pages : _billustrations ; _c20 cm |
||
| 505 | _aO | ||
| 520 | _aTo celebrate Earth Day, Freddy's first-grade class participates in a "go green" challenge where they must complete ten planet-friendly activities by the end of the week. | ||
| 521 | 8 |
_a630
_bLexile |
|
| 521 | 8 |
_aO
_bRaz-Plus |
|
| 700 |
_aMckinley, John _eillustrator |
||
| 942 |
_2ddc _cBK _n0 |
||
| 999 |
_c4260 _d4260 |
||